Elektronický podpis pod drobnohledem aned jaký a kdy zvolit

Právna úprava a pravidlá elektronického podpisu pre podpisovanie vybraných typov dokumentov. Typy elektronických podpisov - PEP, ZEP a KEP a ich správne zvolenie. Dynamický biometrický podpis (DBP).

Saved in:
Bibliographic Details
Main Author: Motejlek, Jiří
Other Authors: Hejl, Jiří
Format: Book Chapter
Language:Czech
Subjects:
Tags: Add Tag
No Tags, Be the first to tag this record!

MARC

LEADER 00000naa a2200000 4500
001 0273321
005 20210428113518.3
041 0 |a cze 
044 |a CZ 
245 1 0 |a Elektronický podpis pod drobnohledem aned jaký a kdy zvolit  |c Jiří Motejlek, Jiří Hejl 
520 |a Právna úprava a pravidlá elektronického podpisu pre podpisovanie vybraných typov dokumentov. Typy elektronických podpisov - PEP, ZEP a KEP a ich správne zvolenie. Dynamický biometrický podpis (DBP). 
610 2 0 |a podpis elektronický 
610 2 0 |a legislatíva 
610 2 0 |a predpisy 
610 2 0 |a dokumenty elektronické 
100 1 |a Motejlek, Jiří 
700 1 |a Hejl, Jiří